| 000 | 00905cam a22002054a 4500 | ||
|---|---|---|---|
| 005 | 20250605164016.0 | ||
| 008 | 250528s ||||||||||||||||||||||||d | ||
| 035 | _a16163 | ||
| 020 | _a6720308 | ||
| 040 |
_aGR-AtMCL _bgre _dGR-AtMCL _eAACR2 |
||
| 245 | 1 | _aThe Unexpected Universe | |
| 260 |
_bHarcourt, Brace & World, Inc, _c1969 |
||
| 300 | _a244 | ||
| 505 | 0 | _aThe Ghost Continent, The Unexpected Universe, The Hidden Teacher, The Star Thrower, The Angry Winter, The Golden Alphabet, The Invisible Island, The Inner Galaxy, The Innocent Fox, The Last Neanderthal, Bibliography. | |
| 520 | _aThe Ghost Continent, The Unexpected Universe, The Hidden Teacher, The Star Thrower, The Angry Winter, The Golden Alphabet, The Invisible Island, The Inner Galaxy, The Innocent Fox, The Last Neanderthal, Bibliography. | ||
| 700 | 1 |
_aEiseley Loren _92209 |
|
| 942 | _cBK | ||
| 999 |
_c1698 _d1698 |
||